<?xml version="1.0" encoding="UTF-8"?><?xml-stylesheet type="text/xsl" href="static/style.xsl"?><OAI-PMH xmlns="http://www.openarchives.org/OAI/2.0/" xmlns:xsi="http://www.w3.org/2001/XMLSchema-instance" xsi:schemaLocation="http://www.openarchives.org/OAI/2.0/ http://www.openarchives.org/OAI/2.0/OAI-PMH.xsd"><responseDate>2026-04-13T12:33:15Z</responseDate><request verb="GetRecord" identifier="oai:www.recercat.cat:10459.1/467310" metadataPrefix="marc">https://recercat.cat/oai/request</request><GetRecord><record><header><identifier>oai:recercat.cat:10459.1/467310</identifier><datestamp>2025-09-15T19:00:39Z</datestamp><setSpec>com_2072_3622</setSpec><setSpec>col_2072_479130</setSpec></header><metadata><record xmlns="http://www.loc.gov/MARC21/slim" xmlns:dcterms="http://purl.org/dc/terms/" xmlns:xsi="http://www.w3.org/2001/XMLSchema-instance" xmlns:doc="http://www.lyncode.com/xoai" xsi:schemaLocation="http://www.loc.gov/MARC21/slim http://www.loc.gov/standards/marcxml/schema/MARC21slim.xsd">
   <leader>00925njm 22002777a 4500</leader>
   <datafield ind2=" " ind1=" " tag="042">
      <subfield code="a">dc</subfield>
   </datafield>
   <datafield ind2=" " ind1=" " tag="720">
      <subfield code="a">Vidal-Marti, Cristina</subfield>
      <subfield code="e">author</subfield>
   </datafield>
   <datafield ind2=" " ind1=" " tag="720">
      <subfield code="a">Curto Reverte, Andreu</subfield>
      <subfield code="e">author</subfield>
   </datafield>
   <datafield ind2=" " ind1=" " tag="260">
      <subfield code="c">2025-01-01</subfield>
   </datafield>
   <datafield ind2=" " ind1=" " tag="520">
      <subfield code="a">Los círculos restaurativos son prácticas que posibilitan gestionar los conflictos, implicando y promoviendo la participación activa de todos los agentes involucrados. Mediante la palabra y el diálogo, los miembros se reúnen para reflexionar acerca del conflicto y de las consecuencias que se derivan, con el fin de recuperar a las víctimas, reconciliar a las partes y favorecer la convivencia. A pesar de concebir los círculos como buenas estrategias de resolución del conflicto en las instituciones educativas, se desconoce cuáles son los beneficios en la educación secundaria. Los objetivos de la revisión sistemática fueron: (1) identificar y analizar los estudios que exponen la implementación de los círculos restaurativos en centros educativos de secundaria, (2) conocer sus beneficios y (3) proponer elementos de mejora para su estudio. La metodología se basó en las recomendaciones PRISMA, utilizando las bases de datos WOS, Scopus, ERIC y Dialnet plus. Se identificaron quince investigaciones. Los resultados evidencian beneficios para los alumnos como la creación de espacios seguros, el fomento de relaciones positivas y el desarrollo de habilidades comunicativas y emocionales. Se encontraron beneficios en el profesorado, las instituciones educativas y la comunidad. Se concluye que los círculos restaurativos aportan beneficios a todos los miembros implicados y se subraya la necesidad de realizar investigaciones adicionales y estudios longitudinales para profundizar en la comprensión de sus impactos en los entornos educativos.</subfield>
   </datafield>
   <datafield ind2=" " ind1=" " tag="520">
      <subfield code="a">Restorative circles are practices that make it possible to manage conflicts by involving and promoting the active participation of all the actors involved. Through words and dialogue, members come
together to reflect on the conflict and its consequences, in order
to recover the victims, reconcile the parties and promote coexistence. Despite the conception of circles as good conflict resolution strategies in educational institutions, the benefits in secondary education are unknown. The objectives of the systematic review were: (1) to identify and analyse the studies that present the implementation of restorative circles in secondary schools, (2) to know their benefits and (3) to propose elements of improvement for their study. The methodology was based on the PRISMA recommendations, using the WOS, Scopus, ERIC and Dialnet plus databases. Fifteen research studies were identified. The results show benefits for pupils such as the creation of safe spaces, the fostering of positive relationships and the development of communication and emotional skills. Benefits were found for teachers, educational
institutions and the community. It is concluded that restorative circles bring benefits to all members involved and underlines the need for further research and longitudinal studies to deepen the understanding of their impacts in educational settings.</subfield>
   </datafield>
   <datafield tag="653" ind2=" " ind1=" ">
      <subfield code="a">Resolución de Conflictos</subfield>
   </datafield>
   <datafield tag="653" ind2=" " ind1=" ">
      <subfield code="a">Enseñanza secundaria</subfield>
   </datafield>
   <datafield tag="653" ind2=" " ind1=" ">
      <subfield code="a">Sistema educativo</subfield>
   </datafield>
   <datafield tag="653" ind2=" " ind1=" ">
      <subfield code="a">Solución de conflictos</subfield>
   </datafield>
   <datafield tag="653" ind2=" " ind1=" ">
      <subfield code="a">Relaciones entre grupos</subfield>
   </datafield>
   <datafield tag="653" ind2=" " ind1=" ">
      <subfield code="a">Sistema educativo</subfield>
   </datafield>
   <datafield ind2="0" ind1="0" tag="245">
      <subfield code="a">Los círculos restaurativos en la educación secundaria: una revisión sistemática</subfield>
   </datafield>
   <datafield ind2="0" ind1="0" tag="245">
      <subfield code="a">Restorative circles in Secondary Education: a systematic review</subfield>
   </datafield>
</record></metadata></record></GetRecord></OAI-PMH>